Statistics for Top 3 NBA Players from all 30 Teams 2018

Click here to take the quiz!

General Stats

  • This quiz has been taken 134 times
  • The average score is 72 of 90

Answer Stats

Team Position Player % Correct
Charlotte HornetsPGKemba Walker
97%
Boston CelticsPGKyrie Irving
97%
Minnesota TimberwolvesSGJimmy Butler
97%
Golden State WarriorsPFKevin Durant
96%
Golden State WarriorsPGStephen Curry
96%
New Orleans PelicansPFAnthony Davis
96%
Cleveland CavaliersPFLeBron James
95%
Golden State WarriorsPFDraymond Green
95%
Boston CelticsCAl Horford
95%
Minnesota TimberwolvesCKarl-Anthony Towns
94%
Houston RocketsSGJames Harden
94%
Oklahoma City ThunderPGRussell Westbrook
94%
Philadelphia 76ersCJoel Embiid
94%
Denver NuggetsCNikola Jokic
93%
Brooklyn NetsPGD'Angelo Russell
92%
Milwaukee BucksSFGiannis Antetokounmpo
92%
Detroit PistonsPFBlake Griffin
92%
Indiana PacersSGVictor Oladipo
92%
Houston RocketsPGChris Paul
92%
New Orleans PelicansCDeMarcus Cousins
92%
Minnesota TimberwolvesSFAndrew Wiggins
91%
Philadelphia 76ersPGBen Simmons
91%
Memphis GrizzliesCMarc Gasol
91%
Portland Trail BlazersPGDamian Lillard
91%
Oklahoma City ThunderSFPaul George
91%
Detroit PistonsCAndre Drummond
91%
San Antonio SpursCPau Gasol
91%
Cleveland CavaliersCKevin Love
91%
Toronto RaptorsSGDeMar DeRozan
91%
Boston CelticsSFGordon Hayward
90%
Washington WizardsPGJohn Wall
90%
Miami HeatCHassan Whiteside
90%
Toronto RaptorsPGKyle Lowry
90%
Houston RocketsCClint Capela
89%
Utah JazzCRudy Gobert
89%
Los Angeles ClippersCDeAndre Jordan
89%
San Antonio SpursSFKawhi Leonard
89%
Miami HeatPGGoran Dragic
88%
Memphis GrizzliesPGMike Conley
88%
Washington WizardsSGBradley Beal
88%
Dallas MavericksPFDirk Nowitzki
88%
Phoenix SunsSGDevin Booker
88%
Los Angeles LakersPGLonzo Ball
88%
New York KnicksPFKristaps Porzingis
87%
Los Angeles ClippersSGLou Williams
87%
Milwaukee BucksPGEric Bledsoe
87%
Portland Trail BlazersSGC.J. McCollum
86%
San Antonio SpursPFLaMarcus Aldridge
86%
Utah JazzSGDonovan Mitchell
85%
Dallas MavericksPGDennis Smith Jr.
84%
Orlando MagicPFAaron Gordon
84%
Denver NuggetsPFPaul Millsap
83%
Oklahoma City ThunderPFCarmelo Anthony
83%
Charlotte HornetsCDwight Howard
82%
Chicago BullsSGZach LaVine
82%
Indiana PacersCMyles Turner
81%
Phoenix SunsSFJosh Jackson
79%
Detroit PistonsPGReggie Jackson
79%
Portland Trail BlazersCJusuf Nurkic
77%
Washington WizardsSFOtto Porter
77%
Milwaukee BucksPFKhris Middleton
76%
Los Angeles LakersPFKyle Kuzma
75%
Denver NuggetsSGGary Harris
73%
Los Angeles ClippersPFTobias Harris
73%
Atlanta HawksPGDennis Schroder
72%
Orlando MagicCNikola Vucevic
72%
Miami HeatSGDwyane Wade
71%
Charlotte HornetsSGNicolas Batum
70%
Cleveland CavaliersPGGeorge Hill
70%
Los Angeles LakersCJulius Randle
68%
New York KnicksCEnes Kanter
66%
Philadelphia 76ersPFDario Saric
65%
Utah JazzPFDerrick Favors
64%
Chicago BullsPGKris Dunn
64%
Toronto RaptorsCJonas Valanciunas
63%
Atlanta HawksSGKent Bazemore
62%
Sacramento KingsSGBuddy Hield
61%
Atlanta HawksPFJohn Collins
60%
New York KnicksSGTim Hardaway
60%
New Orleans PelicansPFNikola Mirotic
60%
Chicago BullsPFLauri Markkanen
59%
Dallas MavericksPFHarrison Barnes
58%
Sacramento KingsPFZach Randolph
55%
Indiana PacersSFBojan Bogdanovic
51%
Brooklyn NetsPGJeremy Lin
47%
Orlando MagicSFEvan Fournier
45%
Sacramento KingsCWillie Cauley-Stein
43%
Phoenix SunsSFT.J. Warren
37%
Memphis GrizzliesPGTyreke Evans
37%
Brooklyn NetsSFRondae Hollis-Jefferson
31%

Score Distribution

Percentile by Number Answered

Percent of People with Each Score

Your Score History

You have not taken this quiz